| 000 | 00657cam a2200229 a 4500 | ||
|---|---|---|---|
| 001 | 000018228 | ||
| 005 | 20200929165418.0 | ||
| 008 | 751007s1975 xxc 000 0 fre d | ||
| 020 | _a0776100416 | ||
| 040 |
_aDO-SdBNP _bfre _cLC _dBNPHU |
||
| 082 |
_a842.54 _bB233b |
||
| 100 | 1 |
_aBarbeau, Jean, _d1945- _939470 |
|
| 245 | 1 | 4 |
_aUne brosse / _cJean Barbeau. |
| 260 |
_a[Montréal] : _bLeméac, _c1975. |
||
| 300 |
_a117 p. ; _c20 cm. |
||
| 490 | 1 |
_aThéatre/Leméac ; _v42 |
|
| 650 | 4 |
_aTeatro francés _95359 |
|
| 650 | 4 |
_aLiteratura francesa _91074 |
|
| 830 | 0 |
_aThéatre/Leméac ; _v42 _939471 |
|
| 910 | _aCatalogación por copia / LC | ||
| 049 | _aBNGR | ||
| 999 |
_c17749 _d17749 |
||